<?xml version="1.0" encoding="UTF-8"?>
<record
    xmlns:xsi="http://www.w3.org/2001/XMLSchema-instance"
    xsi:schemaLocation="http://www.loc.gov/MARC21/slim http://www.loc.gov/standards/marcxml/schema/MARC21slim.xsd"
    xmlns="http://www.loc.gov/MARC21/slim">

  <leader>01110cam a2200241 a 4500</leader>
  <controlfield tag="001">15989663</controlfield>
  <controlfield tag="003">PACU</controlfield>
  <controlfield tag="005">20150211151551.0</controlfield>
  <controlfield tag="008">091119s2010    enk      b    001 0 eng  </controlfield>
  <datafield tag="010" ind1=" " ind2=" ">
    <subfield code="a">  2009047333</subfield>
  </datafield>
  <datafield tag="020" ind1=" " ind2=" ">
    <subfield code="a">9780195395259 (cloth : acidfree paper)</subfield>
  </datafield>
  <datafield tag="040" ind1=" " ind2=" ">
    <subfield code="a">PACU</subfield>
    <subfield code="c">PACU</subfield>
    <subfield code="b">eng</subfield>
  </datafield>
  <datafield tag="050" ind1="0" ind2="0">
    <subfield code="a">HC 85</subfield>
    <subfield code="b">.C656 2010</subfield>
  </datafield>
  <datafield tag="100" ind1="1" ind2=" ">
    <subfield code="a">Collier, Paul.</subfield>
  </datafield>
  <datafield tag="245" ind1="1" ind2="4">
    <subfield code="a">The plundered planet :</subfield>
    <subfield code="b">why we must, and how we can, manage nature for global prosperity /</subfield>
    <subfield code="c">Paul Collier.</subfield>
  </datafield>
  <datafield tag="260" ind1=" " ind2=" ">
    <subfield code="a">Oxford ;</subfield>
    <subfield code="a">New York :</subfield>
    <subfield code="b">Oxford University Press,</subfield>
    <subfield code="c">2010.</subfield>
  </datafield>
  <datafield tag="300" ind1=" " ind2=" ">
    <subfield code="a">xv, 271 p. ;</subfield>
    <subfield code="c">22 cm.</subfield>
  </datafield>
  <datafield tag="504" ind1=" " ind2=" ">
    <subfield code="a">Includes bibliographical references (p. [245]-247) and index.</subfield>
  </datafield>
  <datafield tag="505" ind1="0" ind2=" ">
    <subfield code="a">Poverty and plunder -- Is nature priceless? -- Cursed by nature? -- Discovering natural assets -- The capture of natural assets -- Selling the family silver -- Investing in investing -- Is a fish a natural asset? -- Natural liabilities -- Romance and hunger -- Restoring natural order.</subfield>
  </datafield>
  <datafield tag="650" ind1=" " ind2="0">
    <subfield code="a">Natural resources</subfield>
    <subfield code="x">Management.</subfield>
  </datafield>
  <datafield tag="650" ind1=" " ind2="0">
    <subfield code="a">Sustainable development.</subfield>
  </datafield>
  <datafield tag="942" ind1=" " ind2=" ">
    <subfield code="2">lcc</subfield>
    <subfield code="c">BK</subfield>
    <subfield code="h">HC 85</subfield>
    <subfield code="i">.C656</subfield>
    <subfield code="m">2010</subfield>
  </datafield>
  <datafield tag="952" ind1=" " ind2=" ">
    <subfield code="0">0</subfield>
    <subfield code="1">0</subfield>
    <subfield code="4">0</subfield>
    <subfield code="7">0</subfield>
    <subfield code="a">PAC</subfield>
    <subfield code="b">PAC</subfield>
    <subfield code="d">2014-03-13</subfield>
    <subfield code="l">7</subfield>
    <subfield code="m">1</subfield>
    <subfield code="o">HC 85.C656 2010</subfield>
    <subfield code="p">18661</subfield>
    <subfield code="r">2019-10-04 00:00:00</subfield>
    <subfield code="s">2019-09-20</subfield>
    <subfield code="w">2014-03-13</subfield>
    <subfield code="y">BK</subfield>
  </datafield>
  <datafield tag="952" ind1=" " ind2=" ">
    <subfield code="0">0</subfield>
    <subfield code="1">0</subfield>
    <subfield code="2">lcc</subfield>
    <subfield code="4">0</subfield>
    <subfield code="7">0</subfield>
    <subfield code="a">PAC</subfield>
    <subfield code="b">PAC</subfield>
    <subfield code="c">GEN</subfield>
    <subfield code="d">2020-11-10</subfield>
    <subfield code="e">Donation</subfield>
    <subfield code="l">0</subfield>
    <subfield code="o">HC 85 .C656 2010 C.2</subfield>
    <subfield code="p">26144</subfield>
    <subfield code="r">2020-11-10 00:00:00</subfield>
    <subfield code="t">C.2</subfield>
    <subfield code="w">2020-11-10</subfield>
    <subfield code="y">BK</subfield>
  </datafield>
  <datafield tag="999" ind1=" " ind2=" ">
    <subfield code="c">14035</subfield>
    <subfield code="d">14035</subfield>
  </datafield>
</record>
